|
|
|
|
| LEADER |
00844nam a22002417a 4500 |
| 001 |
37927 |
| 003 |
BD-DhAAL |
| 005 |
20231009110557.0 |
| 008 |
220306t1975 nyu0 0 eng eng d |
| 020 |
|
|
|a 0385005458
|
| 040 |
|
|
|a BD-DhAAL
|
| 082 |
|
|
|a 817.5408
|
| 100 |
|
|
|a Lieberman, Jerry.
|9 46406
|
| 245 |
|
|
|a 3,500 good jokes for speakers /
|c Jerry Lieberman.
|
| 250 |
|
|
|a First edition
|
| 260 |
|
|
|a New York :
|b Broadway Books,
|c c1975.
|
| 300 |
|
|
|a ix, 467 pages ;
|c 18 cm.
|
| 541 |
|
|
|a Donated by Akbar Ali Khan
|e 37927
|
| 650 |
|
|
|a American wit and humor.
|9 46407
|
| 852 |
|
|
|a Ayesha Abed Library
|c Akbar Ali Khan Collection
|
| 942 |
|
|
|2 ddc
|c BK
|
| 999 |
|
|
|c 43660
|d 43660
|
| 952 |
|
|
|0 0
|1 0
|2 ddc
|4 0
|6 817_540800000000000_LIE
|7 1
|9 69990
|a BRACUL
|b BRACUL
|c AAKC
|d 2022-03-06
|e Donated by Akbar Ali Khan
|l 0
|o 817.5408 LIE
|p 3010037927
|r 2026-04-21
|t 1
|w 2022-03-06
|y BK
|